[Event "NOR-ch"]
[Site "Larvik"]
[Date "2019.07.12"]
[Round "8"]
[White "Moen, Andreas"]
[Black "Ingebretsen, Jens E"]
[Result "1/2-1/2"]
[WhiteElo "2322"]
[BlackElo "2276"]
[PlyCount "145"]
[EventDate "2019.07.05"]
[EventType "swiss"]
[EventRounds "9"]
[EventCountry "NOR"]
[SourceTitle "CBM 191 Extra"]
[Source "ChessBase"]
[SourceDate "2019.09.30"]
[SourceVersion "1"]
[SourceVersionDate "2019.09.30"]
[SourceQuality "1"]

1. e4 c5 2. Nf3 e6 3. d4 cxd4 4. Nxd4 Nc6 5. Nc3 Qc7 6. Be3 a6 7. Qd2 Nf6 8. 0-0-0 b5 9. Bf4 Qb6 10. e5 Qxd4 11. Qxd4 Nxd4 12. Rxd4 Bc5 13. Rd2 Nh5 14. Ne4 Bb4 15. Rd4 Nxf4 16. Rxb4 Nd5 17. Rd4 Ke7 18. Nd6 f6 19. f4 Ra7 20. g3 Rc7 21. Bd3 h5 22. Re1 Nb6 23. Be4 h4 24. c3 hxg3 25. hxg3 Rh3 26. Rh1 Rxh1+ 27. Bxh1 Rc5 28. Re4 a5 29. a3 Ba6 30. Bg2 Nc8 31. Nxc8+ Bxc8 32. Re3 b4 33. axb4 axb4 34. Kc2 Ba6 35. Kb3 bxc3 36. bxc3 Rb5+ 37. Kc2 Ra5 38. Kb3 Ra1 39. Kb4 Rg1 40. Be4 Rc1 41. Kc5 Bf1 42. Bf3 Rb1 43. Kd4 Rb2 44. Re1 Ba6 45. Be4 Ra2 46. c4 Ra4 47. Rc1 Kd8 48. Rc2 Kc7 49. Bd3 Ra1 50. Be4 Ra4 51. Bd3 Ra1 52. Be4 Rd1+ 53. Kc5 fxe5 54. fxe5 Re1 55. Kd4 Bb7 56. Bxb7 Kxb7 57. Rf2 Kc6 58. Rf7 Rd1+ 59. Ke4 g5 60. Rg7 Kc5 61. Rxg5 Rd4+ 62. Ke3 Rxc4 63. Rg7 Kc6 64. g4 Kd5 65. Rxd7+ Kxe5 66. Kf3 Rc3+ 67. Kf2 Ke4 68. Ra7 e5 69. Ra4+ Kd3 70. Kf3 Rc1 71. Ra3+ Kd4 72. Ra4+ Kd3 73. Ra3+ 1/2-1/2

[Event "NOR-ch"]
[Site "Sarpsborg"]
[Date "2018.07.06"]
[Round "1"]
[White "Holm, Kristian Stuvik"]
[Black "Moen, Andreas"]
[Result "1-0"]
[WhiteElo "2453"]
[BlackElo "2317"]
[PlyCount "97"]
[EventDate "2018.07.06"]
[EventType "swiss"]
[EventRounds "9"]
[EventCountry "NOR"]
[SourceTitle "CBM 185 Extra"]
[Source "ChessBase"]
[SourceDate "2018.07.29"]
[SourceVersion "1"]
[SourceVersionDate "2018.07.29"]
[SourceQuality "1"]

1. c4 Nf6 2. Nf3 e6 3. Nc3 Bb4 4. Qc2 0-0 5. a3 Bxc3 6. Qxc3 d6 7. b4 Nbd7 8. Bb2 b6 9. g3 Bb7 10. Bg2 Qe7 11. 0-0 c5 12. d3 Rac8 13. Rfe1 Rfd8 14. e3 Rc7 15. b5 a5 16. e4 Qf8 17. Nh4 Ne5 18. Qd2 Ng6 19. Nxg6 hxg6 20. Qg5 Nh7 21. Qf4 g5 22. Qg4 f5 23. exf5 Bxg2 24. Kxg2 Qxf5 25. Qxf5 exf5 26. Re6 Kf7 27. Rae1 Nf8 28. R6e2 Ng6 29. d4 cxd4 30. Bxd4 Rxc4 31. Bxb6 Rb8 32. Bxa5 Rxb5 33. Bb4 Rd5 34. Re6 Rc6 35. Re8 Ne5 36. Rd8 Nd3 37. Rd7+ Kf6 38. Ree7 Nxb4 39. Rf7+ Kg6 40. Rxg7+ Kh6 41. axb4 Re5 42. Rh7+ Kg6 43. Rdg7+ Kf6 44. Rb7 g4 45. h4 gxh3+ 46. Kxh3 Re8 47. Rh6+ Ke5 48. Rb5+ Ke4 49. Rh4+ 1-0

[Event "NOR-chT Club"]
[Site "Kristiansund"]
[Date "2017.10.21"]
[Round "2.18"]
[White "Moen, Andreas"]
[Black "Elsness, Frode"]
[Result "0-1"]
[WhiteElo "2331"]
[BlackElo "2464"]
[PlyCount "82"]
[EventDate "2017.10.20"]
[EventType "team-tourn"]
[EventRounds "6"]
[EventCountry "NOR"]
[SourceTitle "CBM 181 Extra"]
[Source "ChessBase"]
[SourceDate "2017.12.12"]
[SourceVersion "1"]
[SourceVersionDate "2017.12.12"]
[SourceQuality "1"]
[WhiteTeam "OSS"]
[BlackTeam "Oslo SK 1911"]
[WhiteTeamCountry "NOR"]
[BlackTeamCountry "NOR"]

1. e4 c6 2. d4 d5 3. Nd2 dxe4 4. Nxe4 Nd7 5. c3 Ngf6 6. Nxf6+ Nxf6 7. Bd3 Bg4 8. Ne2 e6 9. Qb3 Qd7 10. h3 Bh5 11. Nf4 Bd6 12. 0-0 Bg6 13. Nxg6 hxg6 14. Rd1 0-0 15. Bf1 b5 16. Qc2 Nd5 17. b3 Qc7 18. c4 bxc4 19. bxc4 Ne7 20. Rb1 Rab8 21. Rb3 Nf5 22. c5 Bh2+ 23. Kh1 Bf4 24. Bb2 Bg5 25. Bc3 Bf6 26. g3 Rfd8 27. Rxb8 Rxb8 28. Qa4 Qd7 29. Bg2 Ne7 30. h4 Nd5 31. Bd2 Rb2 32. Kg1 Qb7 33. Bxd5 exd5 34. Be3 Qd7 35. Qa3 Re2 36. Ra1 Qg4 37. Kf1 Qf3 38. Qd3 Rxe3 39. Qxe3 Qh1+ 40. Ke2 Qxa1 41. Qe8+ Kh7 0-1

[Event "NOR-ch"]
[Site "Stavanger"]
[Date "2017.07.03"]
[Round "4"]
[White "Lie, Kjetil A"]
[Black "Moen, Andreas"]
[Result "1-0"]
[WhiteElo "2539"]
[BlackElo "2330"]
[PlyCount "77"]
[EventDate "2017.06.30"]
[EventType "swiss"]
[EventRounds "9"]
[EventCountry "NOR"]
[SourceTitle "CBM 179 Extra"]
[Source "ChessBase"]
[SourceDate "2017.08.23"]
[SourceVersion "1"]
[SourceVersionDate "2017.08.23"]
[SourceQuality "1"]

1. d4 d5 2. Bf4 c5 3. e3 Nc6 4. c3 Nf6 5. Nd2 Bg4 6. Ngf3 cxd4 7. exd4 e6 8. Qb3 Qb6 9. Qxb6 axb6 10. Ne5 Bf5 11. Bb5 Rc8 12. Ndf3 Bd6 13. Nh4 Nh5 14. Nxf5 exf5 15. Be3 f6 16. Nd3 f4 17. Bd2 Kf7 18. 0-0 g5 19. Rfe1 Ng7 20. Ba4 Na5 21. Re2 Rc7 22. Rae1 Re7 23. Rxe7+ Bxe7 24. Bd1 Rd8 25. Bf3 Nc6 26. g3 fxg3 27. fxg3 Bf8 28. Rf1 Kg6 29. Bd1 h6 30. Bc2 Kf7 31. Ne5+ Nxe5 32. dxe5 f5 33. h4 Be7 34. hxg5 hxg5 35. Bxf5 Nxf5 36. g4 Ke6 37. gxf5+ Kxe5 38. Re1+ Kd6 39. Rxe7 1-0

[Event "London Classic op 8th"]
[Site "London"]
[Date "2016.12.16"]
[Round "9"]
[White "Moen, Andreas"]
[Black "Arkell, Keith C"]
[Result "1/2-1/2"]
[WhiteElo "2327"]
[BlackElo "2447"]
[PlyCount "172"]
[EventDate "2016.12.09"]
[EventType "swiss"]
[EventRounds "9"]
[EventCountry "ENG"]
[SourceTitle "CBM 176 Extra"]
[Source "ChessBase"]
[SourceDate "2017.03.02"]
[SourceVersion "1"]
[SourceVersionDate "2017.03.02"]
[SourceQuality "1"]

1. e4 c6 2. d4 d5 3. Nd2 dxe4 4. Nxe4 Nd7 5. Ng5 Ngf6 6. Bd3 Nb6 7. N1f3 h6 8. Ne4 Nxe4 9. Bxe4 Bg4 10. h3 Bxf3 11. Bxf3 g6 12. Bf4 Bg7 13. c3 Nd5 14. Bh2 0-0 15. 0-0 e6 16. Qb3 b5 17. a4 a6 18. Ra2 Qg5 19. axb5 axb5 20. Rxa8 Rxa8 21. c4 bxc4 22. Qxc4 Rc8 23. Rd1 Qd8 24. b3 Qb6 25. h4 Rd8 26. Be5 Ne7 27. Bxg7 Kxg7 28. b4 Nf5 29. Bxc6 Nxd4 30. Be4 e5 31. Kf1 f5 32. Bb1 Rb8 33. Ba2 Qb5 34. Qxb5 Rxb5 35. Rb1 Nc6 36. Rc1 Nxb4 37. Rc7+ Kf8 38. Bc4 Rb6 39. h5 Rc6 40. Rxc6 Nxc6 41. hxg6 Kg7 42. Bd3 e4 43. Bb1 Nd4 44. g4 Kxg6 45. Kg2 fxg4 46. Bxe4+ Kg5 47. Bb7 Kf4 48. Ba8 h5 49. Bb7 h4 50. Ba8 Nc2 51. Bb7 Ne1+ 52. Kf1 Nd3 53. Kg2 h3+ 54. Kg1 Ne1 55. Kh2 Nf3+ 56. Kh1 Nd2 57. Kh2 Nf3+ 58. Kh1 Ng5 59. Kh2 Ke5 60. Bc8 Kf4 61. Bb7 Ne4 62. Kg1 Nc5 63. Ba8 Nd3 64. Bb7 g3 65. fxg3+ Kxg3 66. Bg2 h2+ 67. Kf1 Ne5 68. Bh1 Nf3 69. Ke2 Nh4 70. Kf1 Ng6 71. Ke2 Nf4+ 72. Kf1 Nh3 73. Ba8 Nf2 74. Bb7 Ng4 75. Bh1 Ne3+ 76. Ke2 Nf5 77. Kf1 Nh4 78. Ke2 Ng2 79. Kf1 Nf4 80. Ba8 Ne6 81. Bh1 Nd4 82. Ke1 Nf5 83. Kf1 Kh3 84. Kf2 Ng3 85. Bg2+ Kg4 86. Bh1 Nxh1+ 1/2-1/2

[Event "London Classic op 8th"]
[Site "London"]
[Date "2016.12.14"]
[Round "7"]
[White "Moen, Andreas"]
[Black "Handke, Florian"]
[Result "0-1"]
[WhiteElo "2327"]
[BlackElo "2515"]
[PlyCount "110"]
[EventDate "2016.12.09"]
[EventType "swiss"]
[EventRounds "9"]
[EventCountry "ENG"]
[SourceTitle "CBM 176 Extra"]
[Source "ChessBase"]
[SourceDate "2017.03.02"]
[SourceVersion "1"]
[SourceVersionDate "2017.03.02"]
[SourceQuality "1"]

1. e4 c5 2. Nf3 Nc6 3. d4 cxd4 4. Nxd4 Nf6 5. Nc3 e5 6. Ndb5 d6 7. Bg5 a6 8. Na3 b5 9. Bxf6 gxf6 10. Nd5 f5 11. exf5 Bxf5 12. Bd3 Be6 13. Qf3 Bg7 14. c3 0-0 15. Nc2 f5 16. Nf4 e4 17. Qg3 Bf7 18. Be2 Kh8 19. Bh5 Bxh5 20. Nxh5 Be5 21. f4 exf3 22. Qxf3 Qh4+ 23. g3 Qe4+ 24. Qxe4 fxe4 25. 0-0-0 b4 26. Rhe1 bxc3 27. bxc3 Rf3 28. Rxe4 Rxc3 29. Kd2 Rc8 30. Ra4 a5 31. Nf4 Nb4 32. Nxb4 axb4 33. Nd3 Bf6 34. Rxb4 Ra3 35. Ke2 Rxa2+ 36. Kf3 Rxh2 37. Rdb1 Rd2 38. Nf4 Rdc2 39. Rb8 Be5 40. Rxc8+ Rxc8 41. Rb7 Kg8 42. Rd7 Rf8 43. Kg4 Kh8 44. Kh4 Rg8 45. Kh3 h6 46. Kh4 Rg5 47. Rd8+ Kh7 48. Rd7+ Kg8 49. Rd8+ Kf7 50. Rd7+ Kf6 51. Rh7 Kf5 52. Rxh6 Rg4+ 53. Kh5 Bxf4 54. gxf4 Rg1 55. Rxd6 Rh1# 0-1

[Event "London Classic op 8th"]
[Site "London"]
[Date "2016.12.13"]
[Round "6"]
[White "Gross, Willi"]
[Black "Moen, Andreas"]
[Result "0-1"]
[WhiteElo "2144"]
[BlackElo "2327"]
[PlyCount "74"]
[EventDate "2016.12.09"]
[EventType "swiss"]
[EventRounds "9"]
[EventCountry "ENG"]
[SourceTitle "CBM 176 Extra"]
[Source "ChessBase"]
[SourceDate "2017.03.02"]
[SourceVersion "1"]
[SourceVersionDate "2017.03.02"]
[SourceQuality "1"]

1. d4 Nf6 2. Nf3 d5 3. Bf4 c5 4. e3 Nc6 5. Nc3 Bg4 6. Be2 e6 7. Ne5 Bxe2 8. Nxe2 Nh5 9. Nxc6 bxc6 10. Be5 f6 11. Nf4 g6 12. Nxh5 fxe5 13. Ng3 exd4 14. exd4 Bg7 15. Ne2 cxd4 16. Nxd4 0-0 17. 0-0 Qd6 18. c3 e5 19. Nc2 Rab8 20. Ne3 Qc5 21. Qe2 e4 22. Rad1 Kh8 23. Rd2 Rb7 24. Rc2 a5 25. Rfc1 a4 26. h4 Rbf7 27. Qa6 Bh6 28. Re1 Rxf2 29. Rxf2 Bxe3 30. Rxe3 Qxe3 31. Qf1 Kg7 32. Qe2 Qxf2+ 33. Qxf2 Rxf2 34. Kxf2 Kf6 35. Ke3 Ke5 36. b4 axb3 37. axb3 c5 0-1

[Event "NOR-chT 1617"]
[Site "Norway"]
[Date "2016.10.30"]
[Round "3.2"]
[White "Moen, Andreas"]
[Black "Nordquelle, Daniel"]
[Result "1-0"]
[WhiteElo "2326"]
[BlackElo "2001"]
[PlyCount "65"]
[EventDate "2016.10.28"]
[EventType "team-tourn"]
[EventRounds "9"]
[EventCountry "NOR"]
[SourceTitle "EXT 2018"]
[Source "ChessBase"]
[SourceDate "2017.10.13"]
[SourceVersion "1"]
[SourceVersionDate "2017.10.13"]
[SourceQuality "1"]
[WhiteTeam "OSS"]
[BlackTeam "Nordstrand"]
[WhiteTeamCountry "NOR"]
[BlackTeamCountry "NOR"]

1. e4 c5 2. Nf3 d6 3. d4 cxd4 4. Nxd4 Nf6 5. Nc3 a6 6. Be3 e5 7. Nb3 Be6 8. Qd2 Nbd7 9. f3 h5 10. a4 Qc7 11. a5 Be7 12. Be2 0-0 13. 0-0 Rfd8 14. Na4 Rac8 15. Rfc1 d5 16. Nb6 dxe4 17. Nxc8 Qxc8 18. c4 exf3 19. gxf3 e4 20. Qc3 exf3 21. Bxf3 Ng4 22. Bd4 f6 23. h3 Nge5 24. Bg2 Nc6 25. Bf2 Nde5 26. Rd1 Bxc4 27. Rxd8+ Qxd8 28. Nd4 Bc5 29. Bxc6 bxc6 30. Nxc6 Bxf2+ 31. Kxf2 Nd3+ 32. Kg1 Qd5 33. Ne7+ 1-0